00935pam a2200277 a 450000100040000000500170000402000180002104000230003905000140006208200140007610000260009024500990011625000120021526000340022730000450026150000200030650500080032652000910033452100210042552100210044665000660046765000720053365000150060565000210062065000160064187420241106120914.0 a9780590462136 aDLCcDLCdDLCbeng00aQL737.C2500a639.92201 aSmith, Roland,d1951-10aSea otter rescue :bthe aftermath of an oil spill /cRoland Smith ; photographs by the author. a1st ed. aNew York :bScholasticc1990. a64 pages :bcolor illustrations ;c26 cm aIncludes index. aZ  aDescribes the rescue of the sea otters following the 1989 oil spill in Valdez, Alaska. a1160 bLexile  aZ bRaz-Plus  0aSea otterzAlaskazPrince William SoundxJuvenile literature. 0aWildlife rescuezAlaskazPrince William SoundxJuvenile literature. 1aSea otter. 1aWildlife rescue. 1aOil spills.